El hombre y su mundo (Registro nro. 56254)
[ vista simple ]
| 000 -LÍDER | |
|---|---|
| Campo fijo de descripción fija | 00976aab a2200217 i 4500 |
| 001 - NÚMERO DE CONTROL | |
| Campo de control | 768714001 |
| 003 - IDENTIFICADOR DEL NÚMERO DE CONTROL | |
| Campo de control | CO-MdFUSB |
| 005 - FECHA Y HORA DE LA ULTIMA TRANSACCIÓN | |
| control field | 20250718140249.0 |
| 008 - ELEMENTOS DE LONGITUD FIJA -- INFORMACIÓN GENERAL | |
| Campo fijo de descripción fija -- Información general | 170513t1996 cr ||||| |||| 00| 0 spa d |
| 022 ## - NÚMERO INTERNACIONAL NORMALIZADO PARA PUBLICACIONES SERIADAS | |
| Número Internacional Normalizado para Publicaciones Seriadas | [No incluye ISSN] |
| 040 ## - FUENTE DE CATALOGACIÓN | |
| Agencia Catalogadora | CO-MdFUSB |
| Idioma de catalogación | spa |
| Agencia que realiza la transcripción | CO-MdFUSB |
| Agencia que realiza la modificación | CO-MdFUSB |
| 041 ## - CÓDIGO DE IDIOMA | |
| Código de idioma para texto/pista de sonido o título separado | spa |
| 100 1# - ASIENTO PRINCIPAL--NOMBRE PERSONAL | |
| Nombre personal | Palau, Luis |
| Término relacionador | autor |
| 245 #3 - TÍTULO | |
| Título | El hombre y su mundo |
| Mención de responsabilidad | / Luis Palau |
| 300 ## - DESCRIPCIÓN FÍSICA | |
| Extensión | Volumen 14, número 2, (noviembre, 1996), páginas: 36 - 40 |
| Dimensiones | : 27 cm. |
| 520 ## - NOTA DE RESUMEN, ETC. | |
| Nota de sumario, etc. | "... a menos que comuniquemos el evangelio de Jesucristo que cambia vidas y llamemos a las personas que se conviertan, no haríamos más que reorganizar los problemas."<br/>"Si alguno de sus hijos todavía no conoce a Jesús, por favor no se desanime, ore por él y ámelo para traerlo a Jesús" |
| 650 #0 - ASIENTO SECUNDARIO DE MATERIA - TERMINO TEMÁTICO | |
| 9 (RLIN) | 362 |
| Término temático o nombre geográfico como elemento de entrada | Evangelización |
| 773 0# - ASIENTO DE ITEM FUENTE | |
| Título | Apuntes Pastorales |
| Biblionumber | 49442 |
| Itemnumber | 60174 |
| Parte(s) relacionada(s) / Volumen., número. (mes año), páginas | Volumen 14, número 2, (noviembre, 1996), páginas: 36 - 40 |
| Enumeración y primera página | página: 36 |
| 942 ## - TIPO DE MATERIAL (KOHA) | |
| Tipo de Item KOHA | Artículos de Revista |
| 945 ## - INFORMACIÓN LOCAL DEL REGISTRO | |
| Catalogador | JTF-925 |
No hay ítems disponibles.
